| 000 | 00490nam a2200205 a 4500 | ||
|---|---|---|---|
| 999 |
_c2206 _d2206 |
||
| 007 | ta | ||
| 008 | 200212t ii a|||g |||| 00| 0 eng d | ||
| 040 |
_aKO _beng |
||
| 041 | 0 | _aeng | |
| 044 | _aii | ||
| 082 | 0 | 4 |
_223 _a623.8 _bM335 |
| 245 | 1 | 0 |
_aMarex : _bMariner's Guide / |
| 250 | _a11th ed. | ||
| 260 |
_aMumbai : _bMarex Media Pvt Ltd. , _c[20--?.] |
||
| 300 |
_a280 p. ; _c14 cm. |
||
| 650 | 0 |
_aMerchant mariners _vHandbooks, manuals, etc |
|
| 904 | _aA_BOSE | ||
| 942 | _cBK | ||